Indira aur Vigyan (Record no. 440599)

000 -LEADER
fixed length control field 00397cam a22001337a 4500
008 - FIXED-LENGTH DATA ELEMENTS--GENERAL INFORMATION
fixed length control field 180718b1986 xxu||||| |||| 00| 0 eng d
082 ## - DEWEY DECIMAL CLASSIFICATION NUMBER
Classification number A99 1512 m725
100 ## - MAIN ENTRY--PERSONAL NAME
Personal name Mohan, Hari
245 ## - TITLE STATEMENT
Title Indira aur Vigyan
Statement of responsibility, etc. by Hari Mohan edited by Shyam Kumar Sharma
260 ## - PUBLICATION, DISTRIBUTION, ETC.
Place of publication, distribution, etc. Rajnagar
Name of publisher, distributor, etc. Bhagirath Seva Sansthan
Date of publication, distribution, etc. 1986
300 ## - PHYSICAL DESCRIPTION
Extent 112p.
650 ## - SUBJECT ADDED ENTRY--TOPICAL TERM
Topical term or geographic name entry element Indira-Addvertisement
700 ## - ADDED ENTRY--PERSONAL NAME
Personal name Sharma, Shyam Kumar
Holdings
Withdrawn status Lost status Damaged status Not for loan Permanent Location Current Location Date acquired Full call number Barcode Date last seen Price effective from Koha item type
        Indian Institute of Public Administration Indian Institute of Public Administration 2010-05-21 A99 1512 m725 64975 2018-07-21 2018-07-21 Book

Powered by Koha